| 000 | 00965cam a2200265 a 4500 | ||
|---|---|---|---|
| 001 | 4980860 | ||
| 005 | 20180115071838.0 | ||
| 008 | 981112m20009999njua b 000 0 eng | ||
| 010 | _a 98032332 | ||
| 020 | _a0130213152 (v. 2) | ||
| 020 | _a0130213160 (v. 3) | ||
| 020 | _a0130485632 (v. 5) | ||
| 040 |
_aDLC _cDLC _dDLC |
||
| 041 | _aeng | ||
| 080 | _a100 B | ||
| 082 | 0 | 0 |
_a100 BAI _221 |
| 100 | _a21 | ||
| 101 | _aFIL | ||
| 245 | 0 | 0 |
_aPhilosophic classics / _cForrest E. Baird, editor. |
| 504 | _aIncludes bibliographical references. | ||
| 906 |
_a7 _bcbc _corignew _d1 _eocip _f19 _gy-gencatlg |
||
| 942 |
_2ddc _cBK |
||
| 999 |
_c40273 _d40273 |
||